000 00503nam a2200181Ia 4500
999 _c14060
_d14060
003 OSt
005 20201104111943.0
008 190216s9999||||xx |||||||||||||| ||und||
020 _a8171702805
040 _coclc
082 _a822
_bOJH/C
100 _aOjha, Shiva Kumar
_96248
245 4 _aThe Coolie Barrister /
_cShiva Kumar Ojha
260 _bFrank Bros & Co,
_c1996.
_aNew delhi:
300 _a118p
650 _aAutobiography
942 _cBK
_2ddc
_h822
_iOJH/C
_k822
_mOJH/C